| 000 | 00475nam a22001817a 4500 | ||
|---|---|---|---|
| 003 | OSt | ||
| 005 | 20180116183053.0 | ||
| 008 | 160902b xxu||||| |||| 00| 0 eng d | ||
| 020 | _a0 | ||
| 040 | _c0 | ||
| 082 | _a346.5491082 LEG 1985 | ||
| 100 | _aLegal | ||
| 245 | _aLegal Notes on Banking Transactions | ||
| 260 |
_aKarachi _bThe Institute of Bankers in Pakistan _c1985 |
||
| 300 |
_a386 p. _bHB. |
||
| 440 | _aLegal Notes on Banking Transactions | ||
| 942 |
_2ddc _cBK |
||
| 999 |
_c351729 _d351729 |
||